| 000 | 00318nam a2200121Ia 4500 | ||
|---|---|---|---|
| 008 | 190216s9999||||xx |||||||||||||| ||und|| | ||
| 100 | _aSatyanarain Singh | ||
| 245 | 0 | _aSelected One-Act Plays | |
| 260 |
_bThe Macmillian Co. Of India Ltd _c1977 |
||
| 300 | _a143 | ||
| 650 | _aEnglish Novel-English Novel | ||
| 942 | _cBK | ||
| 999 |
_c12585 _d12585 |
||